| 000 | 01046nam a22002537a 4500 | ||
|---|---|---|---|
| 999 |
_c18662 _d18662 |
||
| 003 | AR-CdUCM | ||
| 008 | 190514b ||||| |||| 00| 0 spa d | ||
| 040 |
_aMUNICIPALIDAD PROVINCIAL DEL CUSCO _cBIBLIOTECA MUNICIPAL DEL CUSCO |
||
| 041 | _heng | ||
| 082 |
_a629.14353 / _bOR63 |
||
| 100 |
_aOrdway, Frederick I. _939386 |
||
| 245 | _aLa conquista del imperio del sol / | ||
| 260 |
_aBuenos Aires : _bPlaza & Janes, _c1965. |
||
| 300 |
_a183 páginas ; _bfiguras, gráficos, _c18.5 cm. |
||
| 505 | _aContenido: La exploración del sistema solar -- La conquista de la luna a comenzado -- Mercurio: el mas pequeño y caliente -- Venus: oculto en el misterio -- Marte: principal objetivo para exploradores interplanetarios ... | ||
| 650 |
_aViajes interespaciales _923083 |
||
| 650 |
_aAstronaútica _925413 |
||
| 650 |
_aSatélites _939387 |
||
| 650 |
_aPlanetas _918636 |
||
| 700 |
_aImpellizzeri, Juan Miguel (traducción) _939388 |
||
| 700 |
_aH-K Lange, Harry (ilustraciones) _939389 |
||
| 942 |
_2ddc _cLIBROS |
||
| 945 |
_aachl _d2019-05-14 |
||